[Event "NVM U16 2015"]
[Site "Kiel"]
[Date "2015.09.11"]
[Round "3.4"]
[White "Kummer, Birte"]
[Black "Richter, Robert"]
[Result "1-0"]
[WhiteElo "1422"]
[BlackElo "1396"]
[PlyCount "93"]
[EventDate "2015.??.??"]
[WhiteTeam "SF Schwerin"]
[BlackTeam "SV Glück auf Rüdersdorf e.V."]

1. e4 c5 2. Nf3 g6 3. d4 cxd4 4. Nxd4 Nc6 5. c3 Bg7 6. Be3 Nf6 7. Nd2 d5 8. Bb5
Bd7 9. exd5 Nxd5 10. Bxc6 Bxc6 11. Nxc6 bxc6 12. Qa4 Qc7 13. Bc5 O-O 14. O-O
Rfd8 15. Nf3 a6 16. Nd4 Rdc8 17. Rfe1 e6 18. Nf3 Rab8 19. Qa3 Rd8 20. Rab1 Qb7
21. h3 Ra8 22. Qb3 Qc7 23. c4 Nf4 24. Bb6 Qe7 25. Bxd8 Qxd8 26. Qb7 Qe8 27. Ne5
c5 28. Nxf7 Nh5 29. Nd6 Qf8 30. Rxe6 Nf4 31. Re7 Bd4 32. Ne4 Rb8 33. Qc7 Rc8
34. Qd6 Rd8 35. Rd7 Qxd6 36. Rxd6 Ra8 37. Kf1 a5 38. f3 a4 39. Rb6 Kf7 40. Rb7+
Kg8 41. Rb5 Ne6 42. Rc1 Ra7 43. Rd1 Kg7 44. Rd3 Kh6 45. Ra3 Ra6 46. b3 Bb2 47.
Rxa4 1-0

[Event "NVM U16 2015"]
[Site "Kiel"]
[Date "2015.09.11"]
[Round "3.1"]
[White "Schnabel, Bennett"]
[Black "Stockmann, Till"]
[Result "1-0"]
[WhiteElo "2034"]
[BlackElo "1508"]
[PlyCount "86"]
[EventDate "2015.??.??"]
[WhiteTeam "SV Mattnetz Berlin e.V."]
[BlackTeam "VfL Gräfenhainichen"]

1. e4 e5 2. Nf3 Nc6 3. Bb5 Nge7 4. O-O g6 5. c3 Bg7 6. d4 exd4 7. cxd4 d5 8.
exd5 Qxd5 9. Nc3 Qh5 10. Ne5 Qxd1 11. Rxd1 O-O 12. Nxc6 Nxc6 13. Bxc6 bxc6 14.
Bf4 Rb8 15. b3 Rb4 16. Be5 Rd8 17. Bxg7 Kxg7 18. d5 c5 19. Na4 c4 20. Rd4 c6
21. d6 Be6 22. Nc5 Bd5 23. Nd3 Rb6 24. bxc4 Be6 25. c5 Rb5 26. f3 Bf5 27. Rc1
Kf6 28. Nb4 Bd7 29. Rf4+ Kg7 30. a3 Ra5 31. Rc3 Ra4 32. Kf2 a5 33. Nd3 Rxf4 34.
Nxf4 Kf6 35. Re3 Kf5 36. Ne2 Kf6 37. Nc3 Be6 38. Na4 h5 39. Nb6 Kg7 40. Re4 Bb3
41. Re7 Bd5 42. Nxd5 cxd5 43. Ke3 Kf6 1-0

[Event "NVM U16 2015"]
[Site "Kiel"]
[Date "2015.09.11"]
[Round "3.2"]
[White "Richter, Philipp"]
[Black "Hesse, Henrik"]
[Result "0-1"]
[WhiteElo "1496"]
[BlackElo "1903"]
[PlyCount "54"]
[EventDate "2015.??.??"]
[WhiteTeam "VfL Gräfenhainichen"]
[BlackTeam "SV Mattnetz Berlin e.V."]

1. e4 e5 2. Nf3 Nf6 3. Nxe5 d6 4. Nf3 Nxe4 5. d3 Nf6 6. Nc3 Bg4 7. Be2 Be7 8.
b3 d5 9. O-O O-O 10. Bb2 c6 11. Nb1 Bd6 12. Nbd2 Re8 13. Re1 Nbd7 14. Nd4 Bxe2
15. Nxe2 Be5 16. Bxe5 Nxe5 17. Ng3 Qa5 18. d4 Ng6 19. a3 Rxe1+ 20. Qxe1 Qc3 21.
Ne2 Qxc2 22. Qc1 Qd3 23. Ng3 Qxd4 24. Nf3 Qd3 25. Qd1 Qxd1+ 26. Rxd1 Rd8 27.
Kf1 c5 0-1

[Event "NVM U16 2015"]
[Site "Kiel"]
[Date "2015.09.11"]
[Round "3.3"]
[White "Acikel, Mert"]
[Black "Koppe, Carl"]
[Result "1-0"]
[WhiteElo "1807"]
[BlackElo "1479"]
[PlyCount "63"]
[EventDate "2015.??.??"]
[WhiteTeam "SV Mattnetz Berlin e.V."]
[BlackTeam "VfL Gräfenhainichen"]

1. e4 e5 2. Nf3 Nc6 3. Bc4 Bc5 4. c3 Nf6 5. d3 h6 6. O-O O-O 7. Re1 d6 8. Bb3
Bg4 9. h3 Bh5 10. Nbd2 Re8 11. Nf1 Qd7 12. Ng3 Bg6 13. Nh4 Bh7 14. Qf3 Qe7 15.
Ngf5 Bxf5 16. Nxf5 Qd8 17. Bxh6 g6 18. Ne3 d5 19. Nxd5 Nxd5 20. Bxd5 Qd7 21.
Qf6 Bf8 22. Qxg6+ Kh8 23. Bxf7 Ne7 24. Qf6+ Kh7 25. Bxe8 Qxe8 26. Bxf8 Qxf8 27.
Qxe5 Qf7 28. Re3 Rg8 29. Rf3 Qe8 30. Qf6 Ng6 31. Qf7+ Qxf7 32. Rxf7+ 1-0

[Event "NVM U16 2015"]
[Site "Kiel"]
[Date "2015.09.11"]
[Round "3.4"]
[White "Wilhelm, Dominik"]
[Black "Petersen, Marcel"]
[Result "1/2-1/2"]
[WhiteElo "1193"]
[BlackElo "1658"]
[PlyCount "51"]
[EventDate "2015.??.??"]
[WhiteTeam "VfL Gräfenhainichen"]
[BlackTeam "SV Mattnetz Berlin e.V."]

1. e3 e5 2. c4 Nf6 3. Nc3 Bb4 4. a3 Bxc3 5. bxc3 d5 6. Be2 O-O 7. Nf3 Nc6 8.
O-O Bg4 9. cxd5 Qxd5 10. Ne1 Bxe2 11. Qxe2 e4 12. c4 Qd6 13. f3 Rad8 14. Rf2
Ne5 15. Bb2 Qe6 16. Bxe5 Qxe5 17. Ra2 Rd7 18. Qd1 Rfd8 19. Qb1 b6 20. Qb2 Qxb2
21. Rxb2 c5 22. Kf1 Kf8 23. a4 Rd6 24. Ra2 a5 25. Rb2 Ke7 26. Ra2 1/2-1/2

[Event "NVM U16 2015"]
[Site "Kiel"]
[Date "2015.09.11"]
[Round "3.1"]
[White "Andresen, Marc"]
[Black "Stelmaszyk, Nico"]
[Result "0-1"]
[WhiteElo "1417"]
[BlackElo "1611"]
[PlyCount "112"]
[EventDate "2015.??.??"]
[WhiteTeam "SC Caissa Falkensee e.V."]
[BlackTeam "SK Lehrte von 1919 e. V."]

1. Nf3 Nf6 2. c4 e6 3. d4 d5 4. Bg5 c6 5. Nc3 Nbd7 6. Qc2 Bd6 7. e4 dxe4 8.
Nxe4 Bb4+ 9. Nc3 Qa5 10. Bd3 c5 11. Be3 cxd4 12. Nxd4 Nc5 13. O-O Nxd3 14. Qxd3
Bxc3 15. bxc3 O-O 16. Nf3 h6 17. Rfe1 Qc7 18. Bd4 Nd7 19. Ne5 b6 20. Ng4 Nc5
21. Qh3 f5 22. Ne5 Nd7 23. Re3 Nf6 24. Nd3 Ne4 25. Be5 Qe7 26. Nf4 Ng5 27. Qh5
Qf7 28. Rg3 Qxh5 29. Nxh5 g6 30. Nf6+ Kf7 31. f4 Ne4 32. Nxe4 fxe4 33. Re3 Bb7
34. Bd4 Rac8 35. Rd1 Rfd8 36. Rb1 Rxc4 37. a3 Ra4 38. Ra1 b5 39. Be5 Rd3 40.
Kf2 Rd2+ 41. Kg3 Ke7 42. Kh3 Kd7 43. g4 Kc6 44. Bd4 Kd5 45. g5 hxg5 46. fxg5 e5
47. c4+ bxc4 48. Bc3 Rd3 49. Rxd3+ exd3 50. Bb4 Ra6 51. Rf1 Kd4 52. Re1 e4 53.
Kg3 e3 54. h4 d2 55. Kf4 dxe1=Q 56. Bxe1 e2 0-1

[Event "NVM U16 2015"]
[Site "Kiel"]
[Date "2015.09.11"]
[Round "3.2"]
[White "Brockmeyer, Tobias"]
[Black "Böttcher, Tim"]
[Result "1-0"]
[WhiteElo "1524"]
[BlackElo "1010"]
[PlyCount "53"]
[EventDate "2015.??.??"]
[WhiteTeam "SK Lehrte von 1919 e. V."]
[BlackTeam "SC Caissa Falkensee e.V."]

1. d4 d5 2. c4 e6 3. Nc3 Nf6 4. cxd5 exd5 5. Bg5 Be7 6. e3 O-O 7. Bd3 Nc6 8.
Nf3 Ng4 9. Bxe7 Nxe7 10. Qc2 g6 11. h3 Nf6 12. g4 Nc6 13. a3 Re8 14. O-O-O b6
15. Rdg1 Na5 16. Ne5 Qe7 17. h4 Bxg4 18. Nxg4 Ne4 19. Nh6+ Kf8 20. h5 Nxc3 21.
hxg6 fxg6 22. Qxc3 Qf6 23. Ng4 Qf3 24. Rxh7 Kg8 25. Bxg6 Re6 26. Nh6+ Kf8 27.
Rf7+ 1-0

[Event "NVM U16 2015"]
[Site "Kiel"]
[Date "2015.09.11"]
[Round "3.3"]
[White "Lubanski, Jacob"]
[Black "Thormann, Georg"]
[Result "1-0"]
[WhiteElo "1199"]
[BlackElo "1162"]
[PlyCount "85"]
[EventDate "2015.??.??"]
[WhiteTeam "SC Caissa Falkensee e.V."]
[BlackTeam "SK Lehrte von 1919 e. V."]

1. e4 e6 2. c3 d5 3. exd5 exd5 4. d4 Bf5 5. Nf3 Bd6 6. g3 Nf6 7. Bg2 Nbd7 8.
O-O O-O 9. Be3 Ne4 10. Nbd2 Ndf6 11. Ng5 Re8 12. Re1 c5 13. Ngxe4 Nxe4 14. Nxe4
Bxe4 15. dxc5 Bc7 16. Bxe4 Rxe4 17. Bd4 Qe7 18. f3 Re6 19. Kf2 f5 20. Rxe6 Qxe6
21. Qe1 Re8 22. Qxe6+ Rxe6 23. Re1 Kf7 24. Rxe6 Kxe6 25. Bxg7 Kd7 26. Ke3 Ke6
27. f4 Bd8 28. Kd4 Be7 29. a4 Bd8 30. Be5 a6 31. c4 dxc4 32. Kxc4 h5 33. b4 Be7
34. b5 axb5+ 35. axb5 Bd8 36. c6 Bb6 37. cxb7 Ba7 38. b8=Q Bxb8 39. Bxb8 Kd7
40. Kc5 Kc8 41. Kc6 Kxb8 42. Kb6 Ka8 43. Kc7 1-0

[Event "NVM U16 2015"]
[Site "Kiel"]
[Date "2015.09.11"]
[Round "3.4"]
[White "Meiwes, Thore"]
[Black "Jungandreas, Tillmann"]
[Result "0-1"]
[WhiteElo "1217"]
[BlackElo "1209"]
[PlyCount "130"]
[EventDate "2015.??.??"]
[WhiteTeam "SK Lehrte von 1919 e. V."]
[BlackTeam "SC Caissa Falkensee e.V."]

1. e4 e5 2. Nf3 Nc6 3. Bc4 Bc5 4. c3 d6 5. d4 exd4 6. cxd4 Bb6 7. d5 Ne5 8.
Nxe5 dxe5 9. Nd2 Nf6 10. h3 Bd7 11. O-O Qe7 12. b3 O-O-O 13. Bb2 c6 14. Re1 Bc7
15. Nf3 Nh5 16. Bc1 Qf6 17. Bg5 Qg6 18. Bxd8 Rxd8 19. Nh4 Qg5 20. Nf5 g6 21.
Ng3 Nxg3 22. fxg3 Qxg3 23. Qd3 Bb6+ 24. Kh1 Qxd3 25. Bxd3 cxd5 26. exd5 Bd4 27.
Rac1+ Kb8 28. Rf1 f5 29. g3 Be8 30. Kg2 b5 31. Bb1 Rxd5 32. h4 e4 33. Rcd1 Bc6
34. Rc1 Kb7 35. Rcd1 e3 36. Rd3 Re5+ 37. Kh3 e2 38. Re1 Bf2 39. Rxe2 Rxe2 40.
Rd1 Re1 41. Rxe1 Bxe1 42. Bd3 Kb6 43. g4 Be4 44. Bxe4 fxe4 45. Kg2 Bxh4 46. Kf1
e3 47. Ke2 Bg5 48. Kd1 h5 49. gxh5 gxh5 50. Ke2 Kc5 51. Kd3 h4 52. Ke2 Kd4 53.
a4 b4 54. a5 Kc3 55. a6 Kxb3 56. Kd1 h3 57. Ke1 h2 58. Kd1 h1=Q+ 59. Ke2 Qg2+
60. Kd3 Qd2+ 61. Ke4 e2 62. Kf5 e1=Q 63. Kg6 Qe6+ 64. Kh7 Qdd7+ 65. Kh8 Bf6#
0-1